[Event "38th Blackpool Congress 2014"]
[Site "Blackpool ENG"]
[Date "2014.03.07"]
[Round "1.3"]
[White "Cherniaev, Alexander"]
[Black "Clark, Ian C"]
[Result "1-0"]
[WhiteTitle "GM"]
[WhiteElo "2430"]
[BlackElo "2063"]
[WhiteFideId "4117301"]
[BlackFideId "407682"]
[EventDate "2014.03.07"]

1. d4 Nf6 2. g3 d5 3. Nf3 Nc6 4. Bg2 g6 5. O-O Bg7 6. c4 O-O 7. cxd5 Nxd5 8. Nc3
Nb6 9. e3 Bg4 10. h3 Bxf3 11. Qxf3 e6 12. Qe2 Rb8 13. Rd1 Ne7 14. Bd2 c6 15.
Rac1 Nd7 16. Na4 Re8 17. Bb4 Nf5 18. b3 Nb6 19. Nc5 Nd7 20. Na4 Nb6 21. Ba5 Bh6
22. Rc2 Bg7 23. Rcd2 Bh6 24. Rd3 Qc7 25. e4 Ne7 26. Qc2 Bf8 27. d5 exd5 28. exd5
Qe5 29. Bxb6 axb6 30. Nxb6 cxd5 1-0

[Event "38th Blackpool Congress 2014"]
[Site "Blackpool ENG"]
[Date "2014.03.07"]
[Round "1.4"]
[White "Jones, Steven A"]
[Black "Ashton, Adam G"]
[Result "1/2-1/2"]
[BlackTitle "FM"]
[WhiteElo "2070"]
[BlackElo "2395"]
[WhiteFideId "419630"]
[BlackFideId "410110"]
[EventDate "2014.03.07"]

1. e4 e5 2. Nf3 Nc6 3. Bb5 Nf6 4. O-O Nxe4 5. d4 Nd6 6. Bxc6 dxc6 7. dxe5 Nf5 8.
Qxd8+ Kxd8 9. Rd1+ Ke8 10. Nc3 Be7 11. h3 Nh4 12. Nxh4 Bxh4 13. Ne2 Bd7 14. b3
Rd8 15. Bb2 c5 16. c4 Bf5 17. Nf4 Rg8 18. Nd5 Rd7 19. Ne3 Be4 20. g3 Bd8 21. f4
h5 22. Kf2 a5 23. Ke2 b6 24. Rxd7 Kxd7 25. Rf1 Kc6 26. Bc3 Be7 27. Rd1 Rd8 28.
Rxd8 Bxd8 29. Kd2 g6 30. h4 Be7 31. Kc1 Kd7 32. Nd5 Bd8 33. Nf6+ Bxf6 34. exf6
a4 35. Be5 c6 36. Kd2 a3 37. Kc1 b5 38. Bb8 bxc4 39. bxc4 Bd3 40. Ba7 Kd6 41.
Bb8+ Ke6 42. Ba7 Kxf6 43. Kd2 Bxc4 44. Bxc5 Kf5 45. Ke3 Kg4 46. Kf2 Kf5 47. Ke3
Bxa2 48. Bxa3 Ke6 49. Kd4 Kf5 1/2-1/2

[Event "38th Blackpool Congress 2014"]
[Site "Blackpool ENG"]
[Date "2014.03.07"]
[Round "1.5"]
[White "Ledger, Dave J"]
[Black "Abdullayev, Shami"]
[Result "1-0"]
[WhiteTitle "FM"]
[WhiteElo "2244"]
[BlackElo "2080"]
[WhiteFideId "401986"]
[BlackFideId "13403818"]
[EventDate "2014.03.07"]

1. e4 c5 2. Nf3 d6 3. d4 cxd4 4. Nxd4 Nf6 5. Nc3 e6 6. Be3 a6 7. Qd2 Be7 8. f3
b5 9. a4 b4 10. Na2 d5 11. e5 Nfd7 12. f4 Nc5 13. Nc1 Bd7 14. b3 Ne4 15. Qd1 Qc7
16. Na2 Nc6 17. Nxc6 Qxc6 18. Bd3 Bh4+ 19. Kf1 Be7 20. Qg4 g6 21. Ke2 Rc8 22.
Rac1 a5 23. Rhd1 Bc5 24. Qf3 Nc3+ 25. Nxc3 bxc3 26. Bb5 Qb7 27. Bxd7+ Kxd7 28.
Rd3 Bb4 29. Rcd1 Rc7 30. Qh3 h5 31. Rxd5+ Kc8 32. R5d3 Qe4 33. Qf3 Qxf3+ 34.
Kxf3 Kb7 35. Rd7 Rc8 36. Rxc7+ Rxc7 37. Rd8 Be7 38. Rd3 Bb4 39. Bf2 Kc6 40. Be1
Kb7 41. Ke4 Kb6 42. Bh4 Kb7 43. Bd8 Rc8 44. Rd7+ Kc6 45. Rd4 Bc5 46. Rd3 Bb4 47.
Bh4 Rc7 48. Rd4 Kb6 49. Bd8 1-0

[Event "38th Blackpool Congress 2014"]
[Site "Blackpool ENG"]
[Date "2014.03.07"]
[Round "1.6"]
[White "Burgin, Ryan"]
[Black "Walker, David J"]
[Result "0-1"]
[BlackTitle "FM"]
[WhiteElo "2047"]
[BlackElo "2271"]
[WhiteFideId "436747"]
[BlackFideId "400882"]
[EventDate "2014.03.07"]

1. d4 d6 2. e4 g6 3. Nc3 Bg7 4. g3 Nc6 5. Be3 e5 6. d5 Nce7 7. Qd2 f5 8. f3 Nf6
9. O-O-O O-O 10. h4 fxe4 11. h5 Nxh5 12. Rxh5 gxh5 13. Nxe4 Bf5 14. Nh3 Qd7 15.
Qh2 Nxd5 16. Bc4 c6 17. g4 hxg4 18. Nhg5 Bg6 19. Nxh7 Bxh7 20. Ng5 Bg6 21. Rxd5
cxd5 22. Bxd5+ Rf7 23. Be6 Qe7 24. Bxf7+ Bxf7 25. Qh7+ Kf8 26. Qf5 gxf3 27. Qxf3
Kg8 28. Qf5 Qf6 29. Qh7+ Kf8 30. Qh3 Qg6 31. Qd7 Bh6 0-1

[Event "38th Blackpool Congress 2014"]
[Site "Blackpool ENG"]
[Date "2014.03.07"]
[Round "1.7"]
[White "Fernandez, Daniel Howard"]
[Black "Burke, Mitchell R"]
[Result "1-0"]
[WhiteTitle "IM"]
[WhiteElo "2373"]
[BlackElo "1974"]
[WhiteFideId "5801605"]
[BlackFideId "416231"]
[EventDate "2014.03.07"]

1. g3 Nf6 2. Bg2 g6 3. b3 Bg7 4. Bb2 O-O 5. c4 c6 6. Nf3 d5 7. O-O Nbd7 8. cxd5
cxd5 9. Nc3 Re8 10. Rc1 Nf8 11. Rc2 Ne6 12. Qa1 b6 13. Rfc1 Ba6 14. d3 Rc8 15.
a4 Bh6 16. b4 d4 17. Na2 Bxc1 18. Rxc1 Rxc1+ 19. Nxc1 Qd6 20. b5 Bb7 21. Nb3 Rd8
22. Nbxd4 Nxd4 23. Nxd4 Bxg2 24. Kxg2 Rd7 25. Qc1 Qd5+ 26. e4 Qc5 27. Qxc5 bxc5
28. Nc6 Ne8 29. Ba3 1-0

[Event "38th Blackpool Congress 2014"]
[Site "Blackpool ENG"]
[Date "2014.03.07"]
[Round "1.8"]
[White "Allen, Keith"]
[Black "Horton, Andrew P"]
[Result "0-1"]
[WhiteElo "2197"]
[BlackElo "2108"]
[WhiteFideId "2501147"]
[BlackFideId "424269"]
[EventDate "2014.03.07"]

1. d4 Nf6 2. c4 e6 3. Nc3 Bb4 4. Qc2 Nc6 5. Nf3 d6 6. Bd2 O-O 7. a3 Bxc3 8. Bxc3
Qe7 9. g3 e5 10. d5 Nb8 11. Bg2 c6 12. e4 b5 13. O-O bxc4 14. Nd2 cxd5 15. exd5
Nbd7 16. Nxc4 Ba6 17. b3 Rfc8 18. Na5 Bxf1 19. Rxf1 Nb6 20. Qd2 Qe8 21. Rc1 Rc7
22. f4 e4 23. Bxf6 Rxc1+ 24. Qxc1 gxf6 25. Qe3 Nxd5 26. Qxe4 Nb6 27. Qd4 Qe1+
28. Bf1 Qxa5 0-1

[Event "38th Blackpool Congress 2014"]
[Site "Blackpool ENG"]
[Date "2014.03.08"]
[Round "2.1"]
[White "Surtees, Mike J"]
[Black "Sadler, Matthew D"]
[Result "0-1"]
[BlackTitle "GM"]
[WhiteElo "2091"]
[BlackElo "2645"]
[WhiteFideId "412619"]
[BlackFideId "400173"]
[EventDate "2014.03.07"]

1. e4 e6 2. f4 d5 3. e5 c5 4. b4 Nc6 5. bxc5 f6 6. Bd3 Nh6 7. Nf3 fxe5 8. fxe5
Bxc5 9. Nc3 O-O 10. Bb2 Nxe5 11. Qe2 Nxf3+ 12. gxf3 Qh4+ 13. Kd1 a6 14. a4 Bd7
15. a5 Rae8 16. Ba3 Bxa3 17. Rxa3 Qf4 18. Rb3 Bc6 19. Rf1 e5 20. Rb6 Nf5 21.
Bxf5 Qxf5 22. Rxc6 bxc6 23. Qxa6 Qh3 24. Qe2 e4 25. f4 Ra8 26. a6 Qc8 27. Qe3
Rxa6 0-1

[Event "38th Blackpool Congress 2014"]
[Site "Blackpool ENG"]
[Date "2014.03.08"]
[Round "2.2"]
[White "Hebden, Mark L"]
[Black "Fernandez, Michael"]
[Result "1-0"]
[WhiteTitle "GM"]
[WhiteElo "2545"]
[BlackElo "1985"]
[WhiteFideId "400084"]
[BlackFideId "5803560"]
[EventDate "2014.03.07"]

1. d4 d5 2. Nf3 Nf6 3. c4 c6 4. e3 Bg4 5. h3 Bxf3 6. Qxf3 e6 7. Nc3 Nbd7 8. Bd2
Bd6 9. g4 h6 10. O-O-O Qc7 11. Kb1 Rc8 12. h4 dxc4 13. Bxc4 b5 14. Bb3 Nd5 15.
g5 a5 16. Nxd5 exd5 17. Rc1 Qb6 18. Bxd5 1-0

[Event "38th Blackpool Congress 2014"]
[Site "Blackpool ENG"]
[Date "2014.03.08"]
[Round "2.3"]
[White "Mitchell, Martin"]
[Black "Cherniaev, Alexander"]
[Result "0-1"]
[BlackTitle "GM"]
[WhiteElo "2217"]
[BlackElo "2430"]
[WhiteFideId "2400634"]
[BlackFideId "4117301"]
[EventDate "2014.03.07"]

1. d4 f5 2. g3 Nf6 3. Bg2 g6 4. Nh3 Nc6 5. Nf4 Bg7 6. h4 e5 7. dxe5 Nxe5 8. h5
c6 9. c4 Qe7 10. Qc2 d6 11. b3 Nxh5 12. Nxh5 gxh5 13. Nc3 Be6 14. Rxh5 Bf7 15.
Rh1 Bg6 16. Bf4 Qf6 17. Kf1 Nxc4 18. Rc1 Ne5 19. Qd2 O-O 20. Bg5 Qe6 21. Nd5 Rf7
22. Nf4 Qd7 23. Bh3 d5 24. Bg2 Rff8 25. Bf3 Nf7 26. Nxg6 hxg6 27. Kg2 Qe6 28.
Rh4 Nxg5 29. Qxg5 Qf6 30. Qxf6 Rxf6 31. e3 a5 32. g4 fxg4 33. Rxg4 Raf8 34. Rg3
R8f7 35. Rc2 Bf8 36. Bh5 Bd6 37. Rg5 Kh7 38. Bd1 Re6 39. Re2 Kg7 40. Rg4 Kf6 41.
Bc2 Rg7 42. Re1 g5 43. Rh1 Kf7 44. Rh5 Be7 45. Rh7 Rxh7 46. Bxh7 Bf6 47. Bf5 Re5
48. Bd3 Re8 49. Rg3 Rc8 50. Rg4 Rh8 51. Bf5 Rd8 52. Kf3 Rh8 53. Kg2 Ke7 54. Rg3
Rd8 55. Rh3 Bg7 56. Rg3 Kf6 57. Rf3 Ke7 58. Bg6 Bf6 59. Rh3 Kd6 60. Rh7 Be7 61.
Kf3 Rf8+ 62. Ke2 b5 63. Bd3 a4 64. Rh6+ Bf6 65. Rh7 axb3 66. axb3 Ra8 67. Bc2 b4
68. Rh6 Ke6 69. Rh7 Ra2 70. Kd3 Ra5 71. Rc7 Rc5 72. Kd2 Be7 73. Kd1 Kd6 74. Rc8
Ra5 75. Kd2 Ra1 76. Kd3 Rh1 77. Rg8 Rh2 78. Ke2 c5 79. Rg6+ Ke5 80. Rc6 Bd6 81.
Rc8 Ke6 82. Re8+ Kf7 83. Rd8 Ke7 84. Rg8 Bg3 85. Rxg5 Rxf2+ 86. Kd3 c4+ 87. bxc4
dxc4+ 88. Kxc4 Rxc2+ 89. Kxb4 Bd6+ 90. Kb3 Rc8 91. Rg7+ Ke6 92. Rg4 Kd5 93. Rg5+
Be5 94. Rh5 Rb8+ 95. Kc2 Ke4 96. Kd2 Rb2+ 97. Kc1 Rg2 98. Kd1 Bc3 99. Kc1 Kd3
100. Rd5+ Kc4 101. Rd8 Bb4 102. e4 Re2 103. Rc8+ Kb3 104. Kb1 Re1+ 105. Rc1 Rxe4
106. Rd1 Re2 107. Rh1 Bc3 108. Kc1 Ra2 109. Kd1 Ra1+ 110. Ke2 Rxh1 111. Kd3 Rd1+
112. Ke4 Kc4 113. Ke3 Re1+ 114. Kf4 Kd3 115. Kf5 Bd4 116. Kf4 Rf1+ 117. Kg5 Ke4
118. Kg6 Be5 119. Kg5 Rg1+ 120. Kh6 Kf5 121. Kh7 Rg2 122. Kh6 Rh2# 0-1

[Event "38th Blackpool Congress 2014"]
[Site "Blackpool ENG"]
[Date "2014.03.08"]
[Round "2.4"]
[White "Walton, Alan J"]
[Black "Ledger, Dave J"]
[Result "1/2-1/2"]
[WhiteTitle "CM"]
[BlackTitle "FM"]
[WhiteElo "2104"]
[BlackElo "2244"]
[WhiteFideId "409898"]
[BlackFideId "401986"]
[EventDate "2014.03.07"]

1. d4 Nf6 2. Bg5 c5 3. d5 Ne4 4. Bf4 e6 5. f3 Nf6 6. Nc3 d6 7. e4 e5 8. Be3 Be7
9. Bb5+ Nbd7 10. Nh3 a6 11. Be2 O-O 12. O-O Ne8 13. Qd2 g6 14. f4 exf4 15. Bxf4
Bf6 16. Bh6 Ng7 17. Rf3 Bd4+ 18. Kh1 b5 19. Raf1 Ne5 20. Rg3 Nc4 21. Bxc4 bxc4
22. Qe2 Rb8 23. Nd1 Re8 24. c3 Be5 25. Re3 Qh4 26. Bg5 Qh5 27. Qd2 h6 28. Bf4 g5
29. Bxe5 Rxe5 30. Ng1 Qg6 31. Qe2 Bd7 32. Nf3 Re7 33. Nd2 Bb5 34. Nf2 Nh5 35. g3
Nf6 36. Re1 Nd7 37. b3 Ne5 38. Nxc4 Bxc4 39. bxc4 Reb7 40. Ng4 Nd7 41. e5 Rb2
42. Qf3 h5 43. Nf6+ Nxf6 44. exf6 Rxa2 45. R3e2 Ra4 46. Re4 Rb2 47. Re6 Raa2 48.
R6e2 Rxe2 49. Rxe2 g4 50. Re8+ Kh7 51. Qe3 Qb1+ 52. Qe1 Qxe1+ 53. Rxe1 Kg6 54.
Re7 Rb2 55. Rd7 Rb6 56. Kg2 Kxf6 57. Kf2 a5 58. Ra7 Rb2+ 59. Ke3 Rxh2 60. Rd7
Rc2 61. Kd3 Rg2 62. Rxd6+ Ke5 63. Rh6 Rxg3+ 64. Kc2 Rg2+ 65. Kd3 Rg3+ 66. Kc2 f6
67. Rxh5+ Kd6 68. Rh8 a4 69. Rd8+ Kc7 70. Ra8 Rg2+ 71. Kd3 Ra2 72. Ra7+ Kb8 73.
Rg7 f5 74. d6 Kc8 75. Ke3 a3 76. Kf4 Rf2+ 77. Ke5 a2 78. Ra7 Re2+ 79. Kd5 g3 80.
Kc6 Kb8 81. d7 Re6+ 82. Kxc5 Kxa7 83. d8=Q a1=Q 1/2-1/2

[Event "38th Blackpool Congress 2014"]
[Site "Blackpool ENG"]
[Date "2014.03.08"]
[Round "2.5"]
[White "Walker, David J"]
[Black "Wolstencroft, Darryl"]
[Result "1/2-1/2"]
[WhiteTitle "FM"]
[WhiteElo "2271"]
[BlackElo "2196"]
[WhiteFideId "400882"]
[BlackFideId "402958"]
[EventDate "2014.03.07"]

1. c4 f5 2. g3 Nf6 3. Nc3 e6 4. Bg2 d5 5. d4 c6 6. Nh3 Bd6 7. O-O O-O 8. b3 Qe7
9. cxd5 exd5 10. Bf4 Bb4 11. Na4 Re8 12. Bxb8 Rxb8 13. e3 Ne4 14. Nf4 Nd2 15.
Re1 Ne4 16. Rf1 Nd2 1/2-1/2

[Event "38th Blackpool Congress 2014"]
[Site "Blackpool ENG"]
[Date "2014.03.08"]
[Round "2.6"]
[White "Peacock, Malcolm R"]
[Black "Fernandez, Daniel Howard"]
[Result "0-1"]
[BlackTitle "IM"]
[WhiteElo "2108"]
[BlackElo "2373"]
[WhiteFideId "414611"]
[BlackFideId "5801605"]
[EventDate "2014.03.07"]

1. c4 Nf6 2. g3 h5 3. Nf3 b6 4. Bg2 Bb7 5. d3 g6 6. Nc3 Bg7 7. Bg5 O-O 8. Qd2 c5
9. h3 Nc6 10. e4 Nh7 11. Bh6 e5 12. Nd5 d6 13. O-O Re8 14. Bxg7 Kxg7 15. Kh2 Nf8
16. Ng1 h4 17. Nf3 hxg3+ 18. fxg3 Ne6 19. Rf2 Ncd4 20. Nf6 Qxf6 21. Nxd4 Qe7 22.
Nf5+ gxf5 23. exf5 f6 24. Bxb7 Qxb7 25. fxe6 Rxe6 26. Qe2 Rh8 27. Qg4+ Kf7 28.
Raf1 Rh6 29. Rf5 Qa8 30. Rh5 Qh8 31. Rxh6 Qxh6 32. Qf3 Qg6 33. h4 e4 34. dxe4
Qxe4 35. Qh5+ Kg7 36. Kh3 Re5 37. Qg4+ Qxg4+ 38. Kxg4 d5 39. cxd5 Rxd5 40. Rf2
c4 41. Re2 Kg6 42. Kf4 Rf5+ 43. Ke3 Re5+ 44. Kf3 Ra5 45. a3 c3 46. bxc3 Rxa3 47.
Re3 a5 48. Ke4 Ra1 49. Kd4 a4 50. g4 Rh1 51. h5+ Kg5 52. Re6 a3 53. Re1 Rxe1 0-1

[Event "38th Blackpool Congress 2014"]
[Site "Blackpool ENG"]
[Date "2014.03.08"]
[Round "2.7"]
[White "Horton, Andrew P"]
[Black "Broadley, Henry"]
[Result "1-0"]
[WhiteElo "2108"]
[BlackElo "1998"]
[WhiteFideId "424269"]
[BlackFideId "417653"]
[EventDate "2014.03.07"]

1. Nf3 Nf6 2. c4 g6 3. g3 Bg7 4. Bg2 d5 5. cxd5 Nxd5 6. Nc3 Nb6 7. d3 Nc6 8. Be3
Nd5 9. Bd2 O-O 10. O-O Nxc3 11. bxc3 Rb8 12. Qa4 Bd7 13. Qh4 h5 14. Rfc1 Re8 15.
Rab1 a6 16. Ng5 e5 17. Qc4 Qe7 18. Ne4 Be6 19. Qa4 f5 20. Ng5 Qd6 21. Nxe6 Qxe6
22. Qb3 Kh7 23. Be3 Nd8 24. Bd5 Qd6 25. Qc4 c6 26. Bg2 Ne6 27. Ba7 b5 28. Bxb8
Rxb8 29. Qxc6 Qxc6 30. Bxc6 Bh6 31. Rd1 Nd8 32. Bd5 Rc8 33. c4 Rc5 34. a4 bxa4
35. Rb4 Bg5 36. Rxa4 a5 37. e3 Rc7 38. Rxa5 Nf7 39. Bxf7 Rxf7 40. Rxe5 1-0

[Event "38th Blackpool Congress 2014"]
[Site "Blackpool ENG"]
[Date "2014.03.08"]
[Round "3.1"]
[White "Sadler, Matthew D"]
[Black "Fernandez, Daniel Howard"]
[Result "1-0"]
[WhiteTitle "GM"]
[BlackTitle "IM"]
[WhiteElo "2645"]
[BlackElo "2373"]
[WhiteFideId "400173"]
[BlackFideId "5801605"]
[EventDate "2014.03.07"]

1. e4 c6 2. d4 d5 3. Nc3 dxe4 4. Nxe4 Nd7 5. Ng5 h6 6. Ne6 Qb6 7. Nxf8 Nxf8 8.
c3 Nf6 9. Bd3 Bg4 10. Ne2 Bh5 11. O-O Bg6 12. Bc4 N8d7 13. Nf4 Bf5 14. Re1 e6
15. d5 cxd5 16. Nxd5 Nxd5 17. Qxd5 Qc6 18. Qxc6 bxc6 19. Bf4 a5 20. Bd6 Nb6 21.
Be2 Na4 22. g4 Bh7 23. Rad1 Nxb2 24. Rd4 Rd8 25. Bf3 Rc8 26. Re5 Nd3 27. Rxa5 e5
28. Rc4 Kd7 29. Bxe5 Nxe5 30. Rxe5 Rhe8 31. Rxe8 Kxe8 32. Rxc6 Rb8 33. Rc7 Rb1+
34. Kg2 Ra1 35. Bc6+ Kf8 36. Bd5 Bg6 37. f4 Rd1 38. c4 Rd2+ 39. Kg3 Rd3+ 40. Kf2
f5 41. gxf5 Be8 42. Ra7 1-0

[Event "38th Blackpool Congress 2014"]
[Site "Blackpool ENG"]
[Date "2014.03.08"]
[Round "3.2"]
[White "Britton, Richard L"]
[Black "Hebden, Mark L"]
[Result "0-1"]
[WhiteTitle "FM"]
[BlackTitle "GM"]
[WhiteElo "2230"]
[BlackElo "2545"]
[WhiteFideId "401692"]
[BlackFideId "400084"]
[EventDate "2014.03.07"]

1. e4 e5 2. Nf3 Nc6 3. Bb5 a6 4. Ba4 Nf6 5. O-O Be7 6. Re1 b5 7. Bb3 O-O 8. c3
d6 9. h3 Na5 10. Bc2 c5 11. d4 Qc7 12. Nbd2 Be6 13. d5 Bd7 14. b3 g6 15. Nf1 c4
16. b4 Nb7 17. Bd2 a5 18. a3 Nh5 19. N3h2 Nf4 20. Bxf4 exf4 21. Qf3 Bf6 22. g3
fxg3 23. Qxf6 gxh2+ 24. Kxh2 Qd8 25. Qxd8 Rfxd8 26. Ne3 Ra6 27. a4 axb4 28. cxb4
bxa4 29. Nxc4 Rc8 30. Ne3 Rc3 31. Ra2 Bb5 32. Rea1 a3 33. Nd1 Rc4 34. Ne3 Rc3
35. Nd1 Rc8 36. Ne3 Rca8 37. Bb3 Kf8 38. Bc4 Rb6 39. Bxb5 Rxb5 40. Nc2 Rc8 41.
Rd1 Rc3 42. Rd4 Rb6 43. Kg2 Ra6 44. Rd1 Nd8 45. Rda1 Rb6 46. Rb1 Rc4 47. f3 f5
48. exf5 gxf5 49. Rb3 f4 50. Rbxa3 Nf7 51. Rd3 Ne5 52. Rd4 Rbxb4 53. Nxb4 Rxd4
54. Nc6 Rxd5 55. Ra8+ Kg7 56. Nxe5 Rd2+ 57. Kg1 dxe5 58. Re8 Kf6 59. Rf8+ Kg5
60. Re8 Kh4 61. Rxe5 Kg3 62. Rg5+ Kxf3 63. Rg7 h5 64. h4 Rd1+ 65. Kh2 Rd5 66.
Rg5 Ke4 67. Rg8 Rd2+ 68. Kg1 Rd3 69. Kf2 Rd2+ 70. Kg1 Kf3 71. Rg5 Rd1+ 72. Kh2
Kf2 73. Rxh5 f3 74. Re5 Rd4 75. Kh3 Kf1 76. h5 f2 77. h6 Rd6 78. Rh5 Kg1 79.
Rg5+ Kh1 80. Rf5 Rxh6+ 81. Kg3 Kg1 0-1

[Event "38th Blackpool Congress 2014"]
[Site "Blackpool ENG"]
[Date "2014.03.08"]
[Round "3.3"]
[White "Cherniaev, Alexander"]
[Black "Horton, Andrew P"]
[Result "1-0"]
[WhiteTitle "GM"]
[WhiteElo "2430"]
[BlackElo "2108"]
[WhiteFideId "4117301"]
[BlackFideId "424269"]
[EventDate "2014.03.07"]

1. d4 Nf6 2. g3 e6 3. Bg2 c5 4. Nf3 b5 5. e4 Bb7 6. e5 Nd5 7. O-O Be7 8. a3 O-O
9. b3 Nb6 10. dxc5 Bxc5 11. Qd3 Bxf3 12. Bxf3 Nc6 13. Bb2 a6 14. Nd2 Qc7 15. Ne4
Be7 16. Nf6+ Bxf6 17. exf6 g6 18. Qe3 Kh8 19. Rfe1 d5 20. Rad1 Rg8 21. h4 a5 22.
Bg2 b4 23. a4 Nc8 24. Qh6 Nd6 25. g4 Rad8 26. Rxe6 d4 27. Re2 Qb6 28. Qf4 Qc5
29. Rde1 g5 30. hxg5 Nb8 31. Bxd4 Qxg5 32. Qxg5 Rxg5 33. Be5 Rgg8 34. f4 1-0

[Event "38th Blackpool Congress 2014"]
[Site "Blackpool ENG"]
[Date "2014.03.08"]
[Round "3.4"]
[White "Fabri, Henrik"]
[Black "Ashton, Adam G"]
[Result "0-1"]
[BlackTitle "FM"]
[WhiteElo "1948"]
[BlackElo "2395"]
[WhiteFideId "403270"]
[BlackFideId "410110"]
[EventDate "2014.03.07"]

1. e4 e5 2. Nf3 Nc6 3. Bc4 Nf6 4. O-O Nxe4 5. Nc3 Nxc3 6. dxc3 f6 7. Nh4 g6 8.
f4 Qe7 9. Be3 d6 10. f5 Qg7 11. Kh1 Bd7 12. Qf3 g5 13. Qh5+ Kd8 14. Nf3 Be8 15.
Qg4 h5 16. Qe4 h4 17. Rad1 h3 18. g3 g4 19. Ne1 Ne7 20. Kg1 Bc6 21. Qd3 Rh5 22.
Be6 Qh7 23. Bc5 e4 24. Qe2 Qg7 25. b4 a6 26. a4 b5 27. Bb6 cxb6 28. Rxd6+ Kc7
29. Rxc6+ Nxc6 30. Qxe4 Bd6 31. Bd5 Qd7 32. Be6 Qe7 33. Nd3 Rd8 34. c4 bxc4 35.
Qxc4 Bxb4 36. Nf4 Qc5+ 0-1

[Event "38th Blackpool Congress 2014"]
[Site "Blackpool ENG"]
[Date "2014.03.08"]
[Round "3.5"]
[White "Ledger, Dave J"]
[Black "Milson, Samuel A"]
[Result "1-0"]
[WhiteTitle "FM"]
[WhiteElo "2244"]
[BlackElo "2045"]
[WhiteFideId "401986"]
[BlackFideId "418838"]
[EventDate "2014.03.07"]

1. e4 e5 2. Nf3 Nc6 3. Bc4 Bc5 4. d3 d6 5. c3 Bg4 6. h3 Bxf3 7. Qxf3 Qf6 8. Nd2
Qxf3 9. Nxf3 Nf6 10. b4 Bb6 11. Bb3 a5 12. b5 Nd8 13. a4 Ne6 14. Ng5 Ke7 15.
Nxe6 fxe6 16. Rf1 Rhf8 17. g3 h6 18. Ra2 Nd7 19. f4 Rf6 20. f5 Nc5 21. Bc2 d5
22. g4 g5 23. h4 Rg8 24. hxg5 hxg5 25. Rh1 Rf7 26. Rh5 Rfg7 27. Rh6 exf5 28.
exf5 Kf7 29. Ba3 Nd7 30. Bb3 Nf6 31. Rg2 Rd8 32. c4 c6 33. bxc6 bxc6 34. cxd5
cxd5 35. Rc2 Be3 36. Rc7+ Kg8 37. Be7 Nxg4 38. Bxd8 Nxh6 39. Bxd5+ Kh7 40. f6
Rxc7 41. Bxc7 Kg6 42. Bxe5 Bb6 43. Be6 Nf7 44. Bc3 Bd8 45. Ke2 Bxf6 46. Bxa5 Nd8
47. Bg4 Nc6 48. Bb6 Bc3 49. Ke3 Kf6 50. Ke4 Ke7 51. Kd5 Ne5 52. Bf5 Nd7 53. Be3
Ba5 54. Bxg5+ Nf6+ 55. Kc6 Kf7 56. Kb5 Bc7 57. a5 Ne8 58. a6 Bb8 59. Kc6 Nd6 60.
Bd7 1-0

[Event "38th Blackpool Congress 2014"]
[Site "Blackpool ENG"]
[Date "2014.03.08"]
[Round "3.6"]
[White "Jones, Steven A"]
[Black "Walker, David J"]
[Result "0-1"]
[BlackTitle "FM"]
[WhiteElo "2070"]
[BlackElo "2271"]
[WhiteFideId "419630"]
[BlackFideId "400882"]
[EventDate "2014.03.07"]

1. e4 e6 2. d4 d5 3. Nc3 Nf6 4. Bg5 Bb4 5. e5 h6 6. Bc1 Ne4 7. Qg4 g6 8. Ne2 c5
9. a3 Bxc3+ 10. bxc3 cxd4 11. cxd4 Qc7 12. f3 Nc3 13. Bd2 Nxe2 14. Bxe2 Nc6 15.
h4 Qb6 16. c3 Bd7 17. Bd3 O-O-O 18. h5 g5 19. f4 f5 20. exf6 e5 21. Bf5 exf4 22.
O-O Ne5 23. Bxd7+ Rxd7 24. Qf5 Nc4 25. Rab1 Qd6 26. Rfe1 Nxd2 27. f7 Ne4 28. c4
Qf6 29. Qg6 Qxf7 30. cxd5 Nf6 31. Qf5 Rd8 32. d6 Kb8 33. Re6 Ne8 34. Qe5 Nxd6
35. Rxh6 Qf5 36. Re1 Re8 37. Qxf5 Rxe1+ 38. Kf2 Nxf5 39. Rh8+ Kc7 40. Kxe1 Nxd4
41. h6 g4 42. Rg8 Nf5 43. Rxg4 Nxh6 44. Rxf4 Rg7 45. Rf2 b5 46. Kd2 Ng4 47. Re2
Kd6 48. Kc3 Kc5 49. Kb3 a5 50. Rc2+ Kb6 51. Re2 Rg6 52. Re8 Nf6 53. Rb8+ Kc6 54.
Rc8+ Kd6 55. Rc2 Rg3+ 56. Kb2 Nd5 57. Rf2 a4 58. Ka2 Rb3 59. Rf1 Nc3+ 60. Ka1 b4 0-1

[Event "38th Blackpool Congress 2014"]
[Site "Blackpool ENG"]
[Date "2014.03.08"]
[Round "3.7"]
[White "Isherwood, Paul"]
[Black "Merriman, John"]
[Result "0-1"]
[WhiteElo "2002"]
[BlackElo "2253"]
[WhiteFideId "410314"]
[BlackFideId "402362"]
[EventDate "2014.03.07"]

1. e4 e6 2. d4 d5 3. Nd2 Nf6 4. Bd3 c5 5. c3 Nc6 6. Ngf3 cxd4 7. cxd4 Qb6 8. O-O
Nxd4 9. Nxd4 Qxd4 10. Nf3 Qb6 11. e5 Nd7 12. Qa4 Qb4 13. Qc2 Nc5 14. Bd2 Qa4 15.
b3 Qd7 16. Be2 Be7 17. Nd4 O-O 18. f3 f6 19. f4 f5 20. g4 g6 21. Kh1 Ne4 22. Be3
Qd8 23. Rg1 Bd7 24. Qb2 Qa5 25. gxf5 exf5 26. Bd3 Bb4 27. Qe2 Bc3 28. b4 Qxb4
29. Rab1 Qa4 30. Rxb7 Bxd4 31. Bb5 Bxb5 32. Qh5 Bd7 33. Rxg6+ Kh8 34. Rh6 Rf7
35. e6 Nf6 36. Rxf6 Bxf6 0-1

[Event "38th Blackpool Congress 2014"]
[Site "Blackpool ENG"]
[Date "2014.03.09"]
[Round "4.1"]
[White "Hebden, Mark L"]
[Black "Sadler, Matthew D"]
[Result "0-1"]
[WhiteTitle "GM"]
[BlackTitle "GM"]
[WhiteElo "2545"]
[BlackElo "2645"]
[WhiteFideId "400084"]
[BlackFideId "400173"]
[EventDate "2014.03.07"]

1. Nf3 Nf6 2. d4 e6 3. e3 b6 4. Bd3 Bb7 5. O-O d5 6. c4 dxc4 7. Bxc4 a6 8. Qe2
Nbd7 9. Rd1 c5 10. Nc3 b5 11. Bb3 Qb6 12. d5 Nxd5 13. Nxd5 exd5 14. Bxd5 Bxd5
15. Rxd5 Qb7 16. e4 Be7 17. Bg5 Nb6 18. Rf5 O-O 19. e5 Rfe8 20. Bxe7 Rxe7 21.
Qc2 Nd7 22. h4 Rae8 23. Rd1 g6 24. Rg5 Nxe5 25. Nxe5 Rxe5 26. Qc3 Qe4 27. Rxe5
Rxe5 28. g3 b4 29. Qd2 Kg7 30. b3 Qe2 31. Kg2 c4 32. bxc4 Qxc4 33. Qb2 Qc6+ 34.
Kg1 Qc3 35. Qd2 a5 36. Kg2 Qxd2 37. Rxd2 a4 38. Kf3 b3 39. axb3 axb3 40. Rb2 Rb5
41. Ke4 Kf6 42. Kd4 Kf5 43. f3 g5 44. h5 Rb7 45. Kd5 g4 46. f4 Rd7+ 47. Kc4 Ke4 0-1

[Event "38th Blackpool Congress 2014"]
[Site "Blackpool ENG"]
[Date "2014.03.09"]
[Round "4.2"]
[White "Ashton, Adam G"]
[Black "Cherniaev, Alexander"]
[Result "0-1"]
[WhiteTitle "FM"]
[BlackTitle "GM"]
[WhiteElo "2395"]
[BlackElo "2430"]
[WhiteFideId "410110"]
[BlackFideId "4117301"]
[EventDate "2014.03.07"]

1. e4 c5 2. c3 Nf6 3. e5 Nd5 4. Nf3 Nc6 5. Bc4 Nb6 6. Bb3 c4 7. Bc2 Qc7 8. O-O
Nxe5 9. Nxe5 Qxe5 10. Re1 Qc7 11. Na3 a6 12. d3 cxd3 13. Qxd3 e6 14. Be3 Bxa3
15. bxa3 Nc4 16. Bd4 f6 17. f4 b5 18. Qg3 O-O 19. Qh4 h6 20. Qg4 d6 21. Qg6 f5
22. a4 Qf7 23. Qg3 Bd7 24. Bb3 Rac8 25. axb5 axb5 26. Rad1 Kh7 27. Re2 Rg8 28.
Rde1 g5 29. fxg5 Rxg5 30. Qh4 Rg6 31. h3 e5 32. Be3 Rcg8 33. Kh2 f4 34. Bc1 Kh8
35. Bc2 Bf5 0-1